01817nam a2200349Ia 450000100060000000300100000600500170001600700030003300800410003602000180007702000150009504000350011004100080014508400110015310000270016424500770019125000390026826400680030730000600037533600270043533700330046233800280049552005330052352100610105665000590111765000360117665000350121265000560124794200160130399900170131995201310133657409CO-BoRNBP20250701160417.0ta210826s2016 ck a br 000 1 spa d a9789584250353 a9584250353 aCO-BoRNBPbspaerdacCO-BoRNBP0 aspa aA RUE1 aRueda, Claudiaeautora11a¿Qué será lo que lleva ahí?ctextos e ilustraciones Claudia Rueda bPrimera impresióna1a. edición 1aBogotá, ColombiabDestinobEditorial Planeta Colombianac2016 a31 páginas sin numerarbilustraciones en colorc17 cm atextobtxt2rdacontent asin mediaciónbn2rdamedia avolumenbnc2rdacarrier aEs un día cualquiera en el barrio y un niño está aburrido sin nada que hacer, sentado en la acera esperando que algo suceda... De repente, un camión se detiene justo en frente, y no es cualquier camión: es el camión del zoológico local.Solo una pregunta puede surgir: ¿qué será lo que lleva ahí?Este es un libro donde el juego y la imaginación son los factores principales para resolver la pregunta y averiguar qué es lo que lleva el camión hacia el zoológico. Sin duda, una obra hermosa y divertida aRecomendado para un público infantil mayor de 6 años00aÁlbumes infantiles colombianosySiglo XX2LEMB9101807aNúmerosvÁlbum2LEMB96060207aAnimalesvÁlbum2LEMB96060307aLiteratura infantil colombianaySiglo XX2LEMB9364 2loccBKLITI c57409d57409 00102ddc40708INFaMECASARIbMECASARIcLITd2025-07-01l0oA RUE1pMDA001173r2025-07-01 16:06:24tEj.1w2025-07-01yBKLITI